[Event "38th Olympiad"]
[Site "Dresden GER"]
[Date "2008.11.21"]
[Round "8"]
[White "Sunye Neto,J"]
[Black "Arias,Le"]
[Result "1-0"]
[WhiteElo "2488"]
[BlackElo "2372"]

1.Nf3 d5 2.g3 Bg4 3.Bg2 Nd7 4.c4 e6 5.b3 Ngf6 6.Bb2 Be7 7.O-O O-O 8.d3 c6
9.Nbd2 a5 10.a3 Re8 11.Qc2 Bf8 12.h3 Bh5 13.Rfc1 h6 14.Nf1 Bg6 15.Ne5 Nxe5
16.Bxe5 Nd7 17.Bc3 a4 18.Bb4 axb3 19.Qxb3 Qb6 20.Qc2 Bxb4 21.axb4 Rxa1 22.Rxa1 Qxb4
23.Rb1 Qa5 24.Rxb7 Nf6 25.Rb1 Ra8 26.Ne3 Qa2 27.Rb8+ Kh7 28.Rxa8 Qxa8 29.Qb2 Nd7
30.Qb4 Qf8 31.Qb7 Qd6 32.Qa6 Qc5 33.Qb7 Qd6 34.Qb2 d4 35.Nc2 c5 36.Qb7 e5
37.Qc6 Qxc6 38.Bxc6 Nf6 39.f3 Bf5 40.Na1 Bd7 41.Bb5 Bxb5 42.cxb5 Nd7 43.Nb3 Kg6
44.Kf2 Kf5 45.Nd2 Ke6 46.f4 Kd5 47.fxe5 Kxe5 48.Nc4+ Ke6 49.g4 f5 50.Kf3 fxg4+
51.Kxg4 Nf6+ 52.Kf3 g5 53.b6 Kd7 54.Ne5+ Kc8 55.Nf7 Nh7 56.Nxh6 Kb7 57.Nf7  1-0

[Event "38th Olympiad w"]
[Site "Dresden GER"]
[Date "2008.11.21"]
[Round "8"]
[White "Goletiani,R"]
[Black "Kosintseva,N"]
[Result "1/2-1/2"]
[WhiteElo "2359"]
[BlackElo "2468"]

1.Nf3 d5 2.g3 Bg4 3.Bg2 Nd7 4.d3 e6 5.O-O Bd6 6.Nbd2 Ne7 7.b3 O-O 8.Bb2 a5
9.a3 c6 10.c4 b5 11.Qc2 Qb6 12.e4 Rab8 13.Rab1 Rfc8 14.Rfe1 Qd8 15.h3 Bh5
16.Nh4 Ng6 17.Nhf3 Ne7 18.Nh4 Ng6 19.Nhf3 Ne7 20.Nh4 Ng6  1/2-1/2

[Event "38th Olympiad"]
[Site "Dresden GER"]
[Date "2008.11.22"]
[Round "9"]
[White "Aderito,P"]
[Black "De la Riva Aguado,O"]
[Result "0-1"]
[WhiteElo "2349"]
[BlackElo "2537"]

1.Nf3 d5 2.g3 Bg4 3.Bg2 c6 4.c4 e6 5.h3 Bh5 6.b3 Nd7 7.Bb2 Ngf6 8.d3 Bd6
9.Nbd2 O-O 10.O-O Re8 11.Re1 a5 12.a3 Qb6 13.d4 Qc7 14.c5 Bf8 15.b4 b6 16.Bc3 Qb7
17.g4 Bg6 18.Nh4 Ne4 19.Bxe4 Bxe4 20.Nxe4 dxe4 21.Qc2 axb4 22.axb4 Nf6 23.Bd2 h6
24.Ng2 bxc5 25.bxc5 Qd7 26.Be3 g5 27.Reb1 Bg7 28.Rxa8 Rxa8 29.Qc4 Nd5 30.Bd2 Kh7
31.e3 f5 32.Qc2 Kg6 33.Rf1 Nf6 34.gxf5+ exf5 35.Rb1 Nd5 36.Qb3 Bf6 37.Qd1 Qa7
38.Ne1 Qd7 39.Ng2 Ra3 40.Ra1 Qa7 41.Rxa3 Qxa3 42.Qb1 Qa7 43.Ne1 Bd8 44.f3 Nf6
45.Qb3 Qe7 46.Qb8 Qd7 47.fxe4 fxe4 48.Kg2 Bc7 49.Qb1 g4 50.h4 Kh5 51.Kg1 Kxh4
52.Ng2+ Kg5 53.Be1 g3 54.Nf4 Bxf4 55.exf4+ Kxf4 56.Qb8+ Kf5 57.Qe5+ Kg6 58.Qxg3+ Kf7
59.Qb3+ Qd5 60.Qe3 Qg5+ 61.Qxg5 hxg5 62.Bg3 Ke6 63.Be5 Ng4  0-1

[Event "38th Olympiad"]
[Site "Dresden GER"]
[Date "2008.11.22"]
[Round "9"]
[White "Domingos,E"]
[Black "Jose Queralto,D"]
[Result "1-0"]
[WhiteElo "2198"]
[BlackElo "2125"]

1.Nf3 d5 2.g3 c5 3.Bg2 Nc6 4.O-O e5 5.d3 Bd6 6.e4 d4 7.a4 a6 8.Nbd2 Rb8 9.Nc4 Bc7
10.Na3 Nge7 11.c4 dxc3 12.bxc3 O-O 13.Be3 b6 14.d4 cxd4 15.cxd4 exd4 16.Nxd4 Nxd4
17.Bxd4 Nc6 18.Be3 Na5 19.Qe2 Qe8 20.Nc4 Nb3 21.Ra3 Nc5 22.a5 Nd7 23.axb6 Nxb6
24.Nxb6 Bxb6 25.Rb3 Bxe3 26.Rxb8 Ba7 27.Ra8 Bc5 28.Qc2 Qc6 29.e5 Qc7 30.Rc1  1-0

[Event "38th Olympiad w"]
[Site "Dresden GER"]
[Date "2008.11.22"]
[Round "9"]
[White "Hagesaether,E"]
[Black "Tilenbaeva,J"]
[Result "1/2-1/2"]
[WhiteElo "2239"]
[BlackElo "2037"]

1.Nf3 d5 2.g3 Nf6 3.Bg2 Bg4 4.O-O Nbd7 5.d3 e5 6.c4 dxc4 7.dxc4 Bc5 8.Nc3 O-O
9.Qc2 c6 10.Rb1 a5 11.a3 Qc7 12.b4 axb4 13.axb4 Be7 14.e4 Be6 15.Nd1 h6 16.Ne3 Rfd8
17.Bd2 Ra3 18.Ra1 Rda8 19.Rxa3 Rxa3 20.Bc3 b5 21.Qb2 Qa7 22.cxb5 cxb5 23.Nxe5 Nxe5
24.Bxe5 Rb3 25.Qc2 Rxb4 26.Nd5 Rc4 27.Qb3 Bxd5 28.exd5 Qc5 29.d6 Qxe5 30.dxe7 Rc5
31.Qb4 Qxe7 32.Rb1 Qc7 33.Bf1 Nd5 34.Qe4 b4 35.Rd1 Qe7 36.Qf3 Qf6 37.Qe4 Qe7
38.Qf3 Nb6 39.Qf4 Re5 40.Rb1 Nd5 41.Qc4 Qe6 42.Bd3 g6 43.Kg2 Rh5 44.h4 Re5
45.Kh2 h5 46.Qd4 Qf6 47.Bc4 Qf5 48.Rb2 Nf6 49.Rxb4 Ng4+ 50.Kg2 Qc2 51.Rb3 Kh7
52.Rf3 Ne3+ 53.Rxe3 Rxe3 54.Qxe3 Qxc4  1/2-1/2

[Event "TCh-NED 2008-9"]
[Site "Netherlands NED"]
[Date "2008.11.22"]
[Round "3"]
[White "Langheinrich,F"]
[Black "Bierenbroodspot,P"]
[Result "1-0"]
[WhiteElo "2412"]
[BlackElo "2234"]

1.Nf3 d5 2.g3 Bg4 3.Bg2 c6 4.c4 e6 5.O-O Nd7 6.cxd5 exd5 7.d3 Bc5 8.e4 dxe4
9.dxe4 Ne7 10.b4 Bxb4 11.Qd4 Qb6 12.Qxg7 Rg8 13.Qb2 Bc5 14.Nbd2 O-O-O 15.Qc2 Ng6
16.Nc4 Qa6 17.a4 Be6 18.Ne3 Be7 19.Nf5 Bxf5 20.exf5 Nge5 21.Nxe5 Nxe5 22.f6 Bxf6
23.Qf5+ Nd7 24.Rb1 Qxa4 25.Bf4 Bd4 26.Bh3 Rg7 27.Rfc1 Rg6 28.Re1 Re6 29.Rxe6 fxe6
30.Qxe6 Bxf2+ 31.Kxf2 Qc2+ 32.Kf3 Qd3+ 33.Kg4 Qxb1 34.Kh4  1-0

[Event "TCh-NED 2008-9"]
[Site "Netherlands NED"]
[Date "2008.11.22"]
[Round "3"]
[White "Schebler,G"]
[Black "Middelburg,T"]
[Result "1-0"]
[WhiteElo "2453"]
[BlackElo "2388"]

1.Nf3 d5 2.g3 c6 3.Bg2 Nf6 4.c4 Bf5 5.cxd5 cxd5 6.Qb3 Qc8 7.Nc3 e6 8.O-O Nc6
9.d3 Be7 10.Bf4 O-O 11.Rac1 h6 12.Nb5 Rd8 13.Nbd4 Bh7 14.Qa4 Nxd4 15.Qxd4 Qd7
16.Rc7 Qe8 17.Rxb7 Nd7 18.Rc1 Rdc8 19.Qa4 Rxc1+ 20.Bxc1 Qc8 21.Qxd7 Qxc1+
22.Bf1 Bf6 23.Rc7  1-0

[Event "15th It"]
[Site "Tuzla BIH"]
[Date "2008.11.22"]
[Round "2"]
[White "Majeric,Z"]
[Black "Mrkonjic,N"]
[Result "1/2-1/2"]
[WhiteElo "2296"]
[BlackElo "2364"]

1.Nf3 d5 2.g3 Nf6 3.Bg2 c6 4.b3 Bf5 5.Bb2 Nbd7 6.O-O e6 7.d3 Be7 8.Nbd2 O-O
9.Nh4 Bg6 10.Nxg6 hxg6 11.h3  1/2-1/2

[Event "TCh-AUT 2nd Bundesliga Ost 2008-9"]
[Site "Austria AUT"]
[Date "2008.11.23"]
[Round "5"]
[White "Vitouch,A"]
[Black "Hechl,G"]
[Result "1/2-1/2"]
[WhiteElo "2230"]
[BlackElo "2218"]

1.Nf3 d5 2.g3 Nf6 3.Bg2 Bg4 4.c4 c6 5.Ne5 Be6 6.cxd5 Bxd5 7.Nf3 c5 8.Nc3 Bc6
9.O-O Nbd7 10.d3 e6 11.a3 Be7 12.Rb1 Rc8 13.Bd2 a5 14.a4 O-O 15.b3 h6 16.Rc1 b6  1/2-1/2

[Event "38th Olympiad w"]
[Site "Dresden GER"]
[Date "2008.11.23"]
[Round "10"]
[White "Heinatz,G"]
[Black "Sanchez Castillo,S"]
[Result "1-0"]
[WhiteElo "2227"]
[BlackElo "2206"]

1.Nf3 d5 2.g3 Bg4 3.Bg2 Nd7 4.d4 Ngf6 5.Nbd2 e6 6.O-O Be7 7.Re1 O-O 8.c3 c5
9.Ne5 Bh5 10.Ndf3 cxd4 11.cxd4 Ne4 12.Qb3 f6 13.Nd3 Qb6 14.Qxb6 axb6 15.Nd2 f5
16.f3 Nxd2 17.Bxd2 Ra4 18.Bc3 Bf6 19.e3 b5 20.a3 Rc8 21.Rac1 Bf7 22.Bf1 Be8
23.Bb4 Raa8 24.Nf4 Bf7 25.Bxb5 Nb6 26.b3 g5 27.Nd3 Be8 28.Bxe8 Rxe8 29.Rc7 Rac8
30.Rec1  1-0

[Event "38th Olympiad"]
[Site "Dresden GER"]
[Date "2008.11.23"]
[Round "10"]
[White "Salov,S"]
[Black "Fernandez Lopez,Jo"]
[Result "1-0"]
[WhiteElo "2269"]
[BlackElo "2095"]

1.Nf3 d5 2.g3 g6 3.Bg2 Bg7 4.O-O e5 5.d3 Ne7 6.c4 dxc4 7.Qa4+ Nbc6 8.Qxc4 Be6
9.Qa4 h6 10.Nc3 O-O 11.Bd2 Nd5 12.Ne4 Nb6 13.Qc2 Bd5 14.e3 Bxe4 15.dxe4 Qe7
16.a3 a5 17.Bc3 Rfd8 18.Rad1 Qc5 19.Rxd8+ Rxd8 20.Rd1 Rxd1+ 21.Qxd1 Qd6 22.Qxd6 cxd6
23.Nd2 Bf6 24.Bf1 d5 25.exd5 Nxd5 26.Ne4 Be7 27.Bd2 Nc7 28.Nc3 Kf8 29.Bc4 Bd8
30.Nb5 Nxb5 31.Bxb5 Na7 32.Bc4 b5 33.Bd5 Ke7 34.e4 g5 35.Be3 Nc8 36.Bc5+ Nd6
37.Bxf7 Kxf7 38.Bxd6 Kf6 39.b3 Bb6 40.Kg2 Ke6 41.Bf8 h5 42.a4 bxa4 43.bxa4 Bd4
44.h3 Bc3 45.Bc5 Bb4 46.Be3 Kf6 47.Kf3 Be7 48.Ke2 Ke6 49.Kd3 Kd7 50.Kc4 g4
51.hxg4 hxg4 52.Kd5  1-0

[Event "38th Olympiad w"]
[Site "Dresden GER"]
[Date "2008.11.23"]
[Round "10"]
[White "Hernandez Guerrero,Y"]
[Black "Winkelmann,E"]
[Result "1/2-1/2"]
[WhiteElo "2228"]
[BlackElo "2096"]

1.Nf3 d5 2.g3 Nf6 3.Bg2 c6 4.O-O Nbd7 5.d4 e6 6.Nbd2 Be7 7.c4 O-O 8.Qc2 Re8
9.b3 a5 10.a3 Bd6 11.Bb2 e5 12.cxd5 cxd5 13.dxe5 Nxe5 14.Rfd1 Bg4 15.Bd4 Nc6
16.Bxf6 Qxf6 17.Qd3 Rad8 18.Re1 Ne5 19.Qb5 Bxf3 20.Nxf3 Nxf3+ 21.Bxf3 Be5
22.Rab1 Qc6 23.Qxc6 bxc6 24.Rec1 Bd6 25.b4 axb4 26.axb4 Rc8 27.b5 cxb5 28.Rxc8 Rxc8
29.Rxb5 Rc5 30.Rb7 Rc7 31.Rb8+ Bf8 32.Bxd5 g6 33.g4 h6 34.h4 g5 35.h5 Kg7
36.Kg2 Bd6 37.Rd8 Be5 38.Re8 Bd6 39.Rd8 Be5 40.e3 Re7 41.Kf3 Bf6 42.Rd6 Be5
43.Ra6 Bc7 44.Ra7 Bd6 45.Rxe7  1/2-1/2

[Event "38th Olympiad"]
[Site "Dresden GER"]
[Date "2008.11.25"]
[Round "11"]
[White "McNab,C"]
[Black "Mastrovasilis,D"]
[Result "0-1"]
[WhiteElo "2455"]
[BlackElo "2572"]

1.Nf3 d5 2.g3 c6 3.Bg2 Bg4 4.d3 Nd7 5.h3 Bh5 6.O-O Ngf6 7.Qe1 e5 8.e4 dxe4
9.dxe4 Bc5 10.a4 a5 11.Na3 O-O 12.Nc4 Qc7 13.Bd2 b6 14.Nh4 Rfe8 15.Bf3 Bg6
16.Qe2 Nf8 17.Nxg6 hxg6 18.Bc3 b5 19.axb5 cxb5 20.Bxa5 Qc8 21.Ne3 Qxh3 22.Bg2 Qd7
23.Rad1 Qc6 24.b4 Bxe3 25.Qxe3 Qxc2 26.Rc1 Qa2 27.Rc5 Ne6 28.Rxb5 Nd4 29.Rb7 Rac8
30.Rc7 Ng4 31.Qg5 Qe2 32.Qc1 Rxc7 33.Qxc7 Qd2 34.Bh3 Ne2+ 35.Kg2 Nxg3 36.Bxg4 Nxf1
37.Kxf1 Qd3+ 38.Be2 Qh3+ 39.Kg1 Rc8 40.b5 Rxc7 41.Bxc7 Qc3 42.b6 Qe1+ 43.Bf1 Qxe4
44.Bg2 Qb1+ 45.Kh2 e4 46.Kg3 f5 47.Kf4 Qb2  0-1

[Event "38th Olympiad"]
[Site "Dresden GER"]
[Date "2008.11.25"]
[Round "11"]
[White "Kveinys,A"]
[Black "Khenkin,I"]
[Result "1/2-1/2"]
[WhiteElo "2533"]
[BlackElo "2647"]

1.Nf3 d5 2.g3 Bg4 3.Bg2 Nd7 4.c4 e6 5.d3 c6 6.Nbd2 Ngf6 7.O-O Bd6 8.b3 O-O
9.Bb2 Re8 10.Rc1 Qe7 11.Rc2 a5 12.h3 Bxf3 13.Nxf3 a4 14.cxd5 exd5 15.bxa4 Nc5
16.Qa1 Nxa4 17.Bxf6 Qxf6 18.Qxf6 gxf6 19.Rb1 Reb8 20.d4 Ra6 21.Nh4 Rb6 22.Rxb6 Nxb6
23.Nf5 Bf8 24.e4 dxe4 25.Bxe4 Nc8 26.Rb2 Nd6 27.Nxd6 Bxd6 28.a4 h6 29.Kg2 Kf8
30.Kf3 Ra8  1/2-1/2

[Event "38th Olympiad w"]
[Site "Dresden GER"]
[Date "2008.11.25"]
[Round "11"]
[White "Goletiani,R"]
[Black "Collas,S"]
[Result "1-0"]
[WhiteElo "2359"]
[BlackElo "2352"]

1.Nf3 d5 2.g3 c6 3.b3 Bg4 4.Bg2 Nd7 5.Bb2 Ngf6 6.O-O e6 7.d3 Bd6 8.Nbd2 Qe7
9.a3 a5 10.h3 Bxf3 11.Nxf3 e5 12.Nh4 g6 13.e4 dxe4 14.dxe4 O-O 15.Qe2 Rfe8
16.a4 Nf8 17.Rad1 Bc7 18.Nf3 Nh5 19.Nd2 Qc5 20.Qc4 Qa7 21.Kh2 Rad8 22.Qe2 Ne6
23.Nf3 f6 24.h4 Qc5 25.Bh3 Nhg7 26.Kg2 b5 27.Rxd8 Rxd8 28.h5 Nf8 29.hxg6 hxg6
30.Rh1 bxa4 31.bxa4 Qb4 32.Ba3 Qxa4 33.Be7 Rb8 34.Bxf6 Rb2 35.Ne1 Nh5 36.Be7 Qa2
37.Bg4 Qf7 38.Bxf8 Kxf8 39.Bxh5 gxh5 40.Rxh5 Ke7 41.Qg4 Rb8 42.Qh4+ Kd6 43.Rh6+ Kc5
44.Rh7 Qg6 45.Rxc7 Kb6 46.Rd7 a4 47.Nf3 Qe6 48.Re7 Qc4 49.Nxe5  1-0

[Event "National Chess Congress"]
[Site "Philadelphia USA"]
[Date "2008.11.28"]
[Round "1"]
[White "Filipovich,D"]
[Black "Ippolito,D"]
[Result "0-1"]
[WhiteElo "2197"]
[BlackElo "2430"]

1.Nf3 d5 2.g3 Nf6 3.Bg2 e6 4.O-O Be7 5.d4 O-O 6.c4 dxc4 7.Na3 Bxa3 8.bxa3 b5
9.a4 a6 10.Rb1 Bb7 11.axb5 Be4 12.Rb2 c3 13.Rb3 axb5 14.Ba3 Re8 15.Rxc3 Nc6
16.Bc5 Rxa2 17.Qb3 Qa8 18.Nh4 Rd8 19.Ba3 Rxe2 20.Qxb5 Nxd4 21.Qc4 Bxg2 22.Nxg2 Re4  0-1

[Event "Mediterranean Open"]
[Site "Rijeka CRO"]
[Date "2008.11.29"]
[Round "1"]
[White "Sulava,N"]
[Black "Jokic,Mil"]
[Result "1-0"]
[WhiteElo "2497"]
[BlackElo "1994"]

1.Nf3 d5 2.g3 c5 3.Bg2 Nc6 4.d4 cxd4 5.Nxd4 e5 6.Nxc6 bxc6 7.c4 Bb4+ 8.Nc3 Bxc3+
9.bxc3 Ne7 10.cxd5 cxd5 11.O-O Be6 12.c4 Rc8 13.cxd5 Bxd5 14.Qa4+ Bc6 15.Bxc6+ Nxc6
16.Ba3 Qa5 17.Qg4 Ne7 18.Rfd1 Rd8 19.Rxd8+ Qxd8 20.Qxg7 Ng6 21.Qh6 Qd4 22.Qc1 Kd7
23.Rb1 Qd5 24.Qc2 Rc8 25.Qf5+ Kd8 26.h4 Qd7 27.Qg5+ Kc7 28.h5 h6 29.Qe3 Ne7
30.Qxa7+ Kd8 31.Qxd7+ Kxd7 32.Rb7+  1-0

[Event "British Rapid"]
[Site "Halifax ENG"]
[Date "2008.11.30"]
[Round "8"]
[White "Arkell,K"]
[Black "Haslinger,S"]
[Result "1-0"]
[WhiteElo "2521"]
[BlackElo "2506"]

1.Nf3 d5 2.g3 Bg4 3.Bg2 Nd7 4.d3 e6 5.O-O Bd6 6.Nbd2 Ne7 7.b3 O-O 8.Bb2 e5
9.e4 c6 10.Qe1 Re8 11.h3 Bh5 12.Nh4 Qc7 13.Kh1 f6 14.Rg1 a5 15.a3 a4 16.b4 d4
17.c4 dxc3 18.Bxc3 c5 19.b5 Nb6 20.Nc4 Bf7 21.Qe2 Nec8 22.Nf5 Bf8 23.Bf1 g6
24.Nfe3 Bh6 25.Rb1 Nd6 26.Ng4 Bg7 27.Nxb6 Qxb6 28.f4 exf4 29.Qb2 c4 30.Bxf6  1-0

[Event "TCh-HUN 2008-9"]
[Site "Mako HUN"]
[Date "2008.11.30"]
[Round "3"]
[White "Gyorkos,L"]
[Black "Nagy,Danie"]
[Result "1/2-1/2"]
[WhiteElo "2388"]
[BlackElo "2247"]

1.Nf3 d5 2.g3 Nf6 3.Bg2 e6 4.O-O Be7 5.c4 O-O 6.b3 c6 7.Bb2 Nbd7 8.d4 b6
9.Qc2 Ba6 10.Nbd2 Rc8 11.Rfd1 c5 12.e4 cxd4 13.exd5 exd5 14.Nxd4 b5 15.Qf5 bxc4
16.bxc4 Bxc4 17.Nxc4 Rxc4 18.Nb3 Nb6 19.Rab1 Qc8  1/2-1/2

[Event "Bundesliga 2008-9"]
[Site "Munich GER"]
[Date "2008.11.30"]
[Round "6"]
[White "Nikolic,Pr"]
[Black "Khenkin,I"]
[Result "1/2-1/2"]
[WhiteElo "2669"]
[BlackElo "2647"]

1.Nf3 d5 2.g3 c5 3.Bg2 Nc6 4.d4 Nf6 5.O-O e6 6.c4 dxc4 7.Qa4 Bd7 8.Qxc4 cxd4
9.Nxd4 Rc8 10.Nc3 Nxd4 11.Qxd4 Bc5 12.Qd1 Bc6 13.Bg5 Qxd1 14.Rfxd1 Ke7 15.Ne4 Bxe4
16.Bxe4 h6 17.Bxf6+ gxf6 18.Bxb7 Rb8 19.Bc6 Rxb2 20.Rd7+ Kf8 21.Bf3 Kg7 22.a4 f5
23.a5 Kg6 24.Rc7 Bd4 25.e3 Rxf2 26.Kxf2 Bxa1 27.a6 Rb8 28.Rxa7 Rb2+ 29.Be2 Ra2
30.Rd7 Bc3 31.Kf1 Bb4 32.Rc7 Bd2 33.Bd3 Bxe3 34.Rc2 Rxc2 35.Bxc2 Kg5 36.Kg2 Ba7
37.Bb3 f4 38.h4+ Kf5 39.Bc2+ Ke5  1/2-1/2

[Event "National Chess Congress"]
[Site "Philadelphia USA"]
[Date "2008.11.30"]
[Round "5"]
[White "Heimann,M"]
[Black "Lenderman,A"]
[Result "0-1"]
[WhiteElo "2327"]
[BlackElo "2443"]

1.g3 d5 2.Nf3 Nf6 3.Bg2 Bf5 4.b3 e6 5.Bb2 Nbd7 6.d3 h6 7.Nbd2 Bc5 8.O-O O-O
9.Qe1 a5 10.e4 Bh7 11.a4 c6 12.Qe2 Qb8 13.Bc3 b5 14.axb5 Qxb5 15.Nd4 Qb6
16.Ra4 Bb4 17.Bb2 Bxd2 18.Qxd2 dxe4 19.dxe4 Nc5 20.Rc4 Ncxe4 21.Qf4 c5 22.Ne2 Nd5
23.Qc1 f5 24.Nf4 Ra7 25.Re1 Rd7 26.Nd3 Nb4 27.Ne5 Rd5 28.Qf4 Qd6 29.Qe3 Rd2
30.Bxe4 fxe4 31.Rxb4 Rfxf2 32.Rb7 Rg2+ 33.Kh1 Rxh2+ 34.Kg1 Rdg2+ 35.Kf1 Qa6+
36.Re2 Rf2+ 37.Kg1 Rhg2+ 38.Kh1 Qxb7 39.Qd2 Rf1+  0-1

[Event "Mediterranean Open"]
[Site "Rijeka CRO"]
[Date "2008.11.30"]
[Round "2"]
[White "Martinovic,Sa"]
[Black "Segovic,G"]
[Result "1-0"]
[WhiteElo "2416"]
[BlackElo "2177"]

1.Nf3 d5 2.g3 Nf6 3.Bg2 c6 4.O-O Bg4 5.d3 Nbd7 6.Nbd2 e6 7.e4 Be7 8.Re1 dxe4
9.dxe4 e5 10.Nc4 O-O 11.h3 Bxf3 12.Qxf3 Qc7 13.Bd2 Rfe8 14.Ne3 Rad8 15.Nf5 Bf8
16.Bg5 Re6 17.Bf1 b5 18.a4 Rb8 19.h4 Ne8 20.Bh3 bxa4 21.Rxa4 Nc5 22.Rc4 Qa5
23.b4 Rxb4 24.Bd2 Na6 25.Bxb4 Nxb4 26.Qc3 Qb6 27.Ne3 Re7 28.Rxb4  1-0

[Event "58th ch-GRE"]
[Site "Rhodes GRE"]
[Date "2008.12.01"]
[Round "2"]
[White "Dagkakis,P"]
[Black "Darmarakis,M"]
[Result "1/2-1/2"]
[WhiteElo "2272"]
[BlackElo "2194"]

1.Nf3 d5 2.g3 c6 3.Bg2 Nf6 4.O-O Bf5 5.d3 e6 6.Nbd2 h6 7.b3 Be7 8.Bb2 O-O
9.e3 a5 10.a3 Bh7 11.Qe2 c5 12.e4 Nc6 13.Rfd1 Qb6 14.Rab1 Qa6 15.Re1 a4 16.Rbc1 b5
17.exd5 Nxd5 18.Ne4 Rfc8 19.c4 Nb6 20.d4 Nxd4 21.Nxd4 cxd4 22.cxb5 Qa7 23.Bxd4 axb3
24.Qe3 Rxc1 25.Rxc1 Qxa3 26.Bxb6 b2 27.Qxa3 Bxa3 28.Rd1 Rb8 29.Bd4 Rxb5 30.Nc3 b1=Q
31.Nxb1 Bxb1 32.Bf3 Bf5 33.g4 Bg6 34.h4 f5 35.Re1 Kf7 36.Bc6 Rb4 37.h5 Bh7
38.Rd1 Rc4 39.Bb5 Rc1 40.Rxc1 Bxc1 41.Bd3 Bf4 42.Bc5 Kf6 43.Bf8 Bg8 44.f3 Bf7
45.Bb5 fxg4 46.fxg4 e5 47.Bc6 Be6 48.Bf3 e4 49.Bxe4 Bxg4 50.Bg6 Be5 51.Kg2 Kg5
52.Be7+ Bf6 53.Bf8 Be5 54.Be7+ Kf4 55.Bc5 Bf3+ 56.Kf1 Kg3 57.Bf2+ Kh2 58.Bc5 Bd5
59.Kf2 Bg3+ 60.Ke2 Be5 61.Kf2  1/2-1/2

[Event "Open"]
[Site "Figueira da Foz POR"]
[Date "2008.12.02"]
[Round "4"]
[White "Paunovic,D"]
[Black "Garcia Perez,R"]
[Result "1-0"]
[WhiteElo "2532"]
[BlackElo "1919"]

1.Nf3 d5 2.g3 Nf6 3.Bg2 e6 4.O-O Be7 5.d4 O-O 6.c4 dxc4 7.Qc2 a6 8.Qxc4 b5
9.Qc2 Bb7 10.Bg5 Nbd7 11.Bxf6 Nxf6 12.Nbd2 Rc8 13.Nb3 c5 14.dxc5 Be4 15.Qc1 Qc7
16.Rd1 Bxc5 17.Nxc5 Qxc5 18.Qxc5 Rxc5 19.Rac1 Rxc1 20.Rxc1 Rd8 21.Ne5 h6
22.Bxe4 Nxe4 23.f3 Nd6 24.Kf2 Kf8 25.Rc7 a5 26.b3 Ra8 27.Ke3 b4 28.Kd3 Ke8
29.Nc6 Ra6 30.Nd4 Ra8 31.e4 Kd8 32.Rc5 Nb7 33.Rc2 Ra6 34.e5 Kd7 35.f4 h5
36.Kc4 Rb6 37.Rd2 Kc8 38.h3 g6 39.g4 hxg4 40.hxg4 Kc7 41.Rh2 Kd7 42.g5 Ke7
43.Rh8 Nd8 44.Kc5 Rb7 45.Rh2 Rd7 46.Nb5 Rb7 47.Rd2 Rb8 48.Nd6 Ra8 49.Kb6 a4
50.Rd4 axb3 51.axb3 Ra1 52.Rc4  1-0

[Event "12th It"]
[Site "Zenica BIH"]
[Date "2008.12.02"]
[Round "5"]
[White "Dizdarevic,E"]
[Black "Trkulja,G"]
[Result "1-0"]
[WhiteElo "2505"]
[BlackElo "2342"]

1.Nf3 d5 2.g3 Nf6 3.Bg2 c6 4.O-O Bg4 5.Ne5 Bf5 6.c4 e6 7.cxd5 exd5 8.d4 Nbd7
9.Nc3 Be7 10.Bf4 O-O 11.h3 h5 12.e3 Nxe5 13.dxe5 Ne4 14.Nxe4 dxe4 15.Qxh5 Bg6
16.Qg4 Qc8 17.Qxc8 Raxc8 18.Rfd1 Rfd8 19.g4 Rxd1+ 20.Rxd1 Rd8 21.Rxd8+ Bxd8
22.Kh2 b5 23.Kg3 c5 24.e6 fxe6 25.Be5 c4 26.Kf4 Bh4 27.Bxe4 Bxe4 28.Kxe4 Bxf2
29.Kd4 Kf7 30.Kc5 a6 31.Bd4 e5 32.Bxe5 Bxe3+ 33.Bd4 Bxd4+ 34.Kxd4 g5 35.a4 bxa4
36.Kxc4 Ke6 37.Kb4 Ke5 38.Kxa4 Kf4 39.Ka5 Kg3 40.b4 Kxh3 41.Kxa6 Kxg4 42.b5 Kh3
43.b6 g4 44.b7 g3 45.b8=Q g2 46.Qb6 Kh2 47.Qf2  1-0

[Event "12th It"]
[Site "Zenica BIH"]
[Date "2008.12.04"]
[Round "7"]
[White "Dizdarevic,E"]
[Black "Urosevic,A"]
[Result "1-0"]
[WhiteElo "2505"]
[BlackElo "2194"]

1.Nf3 d5 2.g3 Nf6 3.Bg2 e6 4.O-O c5 5.c4 dxc4 6.Na3 Nc6 7.Nxc4 Be7 8.b3 O-O
9.Bb2 Nd5 10.d4 cxd4 11.Nxd4 Nxd4 12.Qxd4 Bf6 13.Qd2 Bxb2 14.Qxb2 b5 15.e4 bxc4
16.exd5 cxb3 17.Rfd1 Rb8 18.dxe6 Qe7 19.exf7+ Qxf7 20.axb3 Be6 21.b4 Kh8
22.Rd4 Rfd8 23.Re1 Bf5 24.Rf4 Qd7 25.Qa1 Bg6 26.h4 Qc7 27.Rc1 Qe7 28.Qc3 Re8
29.Ra1 Rbc8 30.Qd4 Rc7 31.Kh2 Rd8 32.Re1 Qd7 33.Qe5 h6 34.Rd1 Qc8 35.Rd6 Rxd6
36.Qxd6 Kh7 37.h5 Bc2 38.Rf8 Qd7 39.Qf4 Qe7 40.Bd5 g5 41.hxg6+ Bxg6 42.Rf6 Qg7
43.Rxg6  1-0

[Event "68th ch-ITA"]
[Site "Martina Franca ITA"]
[Date "2008.12.05"]
[Round "3"]
[White "Garcia Palermo,C"]
[Black "Godena,M"]
[Result "1/2-1/2"]
[WhiteElo "2459"]
[BlackElo "2517"]

1.Nf3 d5 2.g3 c6 3.Bg2 Bg4 4.O-O Nd7 5.d4 Ngf6 6.Nbd2 e6 7.Re1 Be7 8.e4 O-O
9.c3 Bh5 10.a4 Bg6 11.e5 Ne4 12.Nf1 c5 13.Re2 cxd4 14.cxd4 Bh5 15.h3 f6 16.g4 Bg6
17.Ne1 fxe5 18.f3 Nd6 19.dxe5 Nc4 20.f4 Qb6+ 21.Kh1 Nc5 22.f5 exf5 23.Qxd5+ Bf7
24.e6 Nxe6 25.Qxb7 Qxb7 26.Bxb7 Rab8 27.Ba6 Nd6 28.Be3 fxg4 29.hxg4 Rb4 30.Nf3 Nc7
31.Bc5 Rxg4 32.Rxe7 Bd5 33.Be2 Ne4 34.Rxc7 Nxc5 35.Rxc5 Bxf3+ 36.Bxf3 Rxf3
37.Nh2 Rh4 38.Rc2 Rb3 39.Rc8+ Kf7 40.Rc7+ Ke6 41.Rxg7 Rxb2 42.Rg2 Rxg2 43.Kxg2 Kd5
44.Nf3 Rb4 45.Kf2 h5 46.Ke3 h4 47.a5 Kc5 48.Rg1 Rb3+ 49.Ke4 Rb4+ 50.Ke5 Ra4
51.Nd2 Kb5 52.Nb3 Kc4 53.Rb1 Ra3 54.Nd2+ Kd3 55.Ne4  1/2-1/2

[Event "77th ch-UKR"]
[Site "Poltava UKR"]
[Date "2008.12.05"]
[Round "4"]
[White "Miroshnichenko,E"]
[Black "Gasanov,E"]
[Result "1-0"]
[WhiteElo "2632"]
[BlackElo "2550"]

1.Nf3 d5 2.g3 g6 3.c4 d4 4.Bg2 Bg7 5.O-O e5 6.d3 Ne7 7.b4 O-O 8.Nbd2 h6 9.Nb3 g5
10.a4 Ng6 11.b5 Nd7 12.a5 a6 13.Ba3 Re8 14.Nfd2 f5 15.Qc2 Kh7 16.Rac1 Nf6
17.Nc5 Bf8 18.Ndb3 axb5 19.cxb5 Nd5 20.Qc4 c6 21.a6 bxa6 22.bxc6 Nge7 23.Nb7 Bxb7
24.cxb7 Rb8 25.Bxe7 Nxe7 26.Nc5 e4 27.dxe4 Ng6 28.Qf7+ Bg7 29.exf5 Ne5 30.Qa2 d3
31.exd3  1-0

[Event "Open"]
[Site "Figueira da Foz POR"]
[Date "2008.12.06"]
[Round "8"]
[White "Romanishin,O"]
[Black "Silva,St"]
[Result "1-0"]
[WhiteElo "2532"]
[BlackElo "2210"]

1.Nf3 d5 2.g3 c5 3.Bg2 Nc6 4.d4 e6 5.O-O Nf6 6.c4 Be7 7.dxc5 Bxc5 8.a3 O-O
9.b4 Bb6 10.Bb2 Qe7 11.Nbd2 Rd8 12.Qc2 e5 13.cxd5 Nxd5 14.Rfd1 f6 15.Nc4 Be6
16.e4 Nc7 17.Nxb6 axb6 18.Bf1 Rxd1 19.Rxd1 Rd8 20.Rxd8+ Qxd8 21.b5 Na5 22.Nd2 Ne8
23.Bc3 Qc7 24.Qd3 Nd6 25.Bb4 Nac4 26.Qc3 Nxb5 27.Qxc4 Bxc4 28.Bxc4+ Kh8 29.Bxb5 Qc2
30.Bc4 h5 31.Kg2 g5 32.Be6 Kg7 33.Bf5 Kf7 34.h3 Kg7 35.Nf1 Qe2 36.Ne3 Kf7
37.g4 hxg4 38.hxg4 b5 39.Nd5 Qd3 40.Be7 Qb3 41.Bxf6 Qxa3 42.Bxg5  1-0

[Event "TCh-SLO"]
[Site "Murska Sobota SLO"]
[Date "2008.12.06"]
[Round "1"]
[White "Markus,Rob"]
[Black "Solak,D"]
[Result "1/2-1/2"]
[WhiteElo "2616"]
[BlackElo "2595"]

1.Nf3 d5 2.g3 c6 3.Bg2 Bg4 4.O-O Nd7 5.d3 Ngf6 6.Qe1 e5 7.e4 dxe4 8.dxe4 Bc5
9.Nbd2 O-O 10.h3 Be6 11.Ng5 Qe7 12.Nxe6 Qxe6 13.a4 Rfd8 14.Nb3 Qc4 15.Qc3 Qxc3
16.bxc3 Be7 17.Be3 b6 18.Rfb1 Nc5 19.Nxc5 Bxc5 20.Bxc5 bxc5 21.Rb7 Kf8 22.Rab1 Ne8
23.f4 Nd6 24.Rc7 Rdc8 25.Rd7 Rd8 26.Rc7 Rdc8 27.Rcb7 Rd8 28.Rc7 Rdc8 29.Rd7 Rd8
30.Rc7 Rdc8 31.Rd7  1/2-1/2

[Event "TCh-SLO"]
[Site "Murska Sobota SLO"]
[Date "2008.12.06"]
[Round "1"]
[White "Krstic,U"]
[Black "Palac,M"]
[Result "1/2-1/2"]
[WhiteElo "2379"]
[BlackElo "2583"]

1.Nf3 d5 2.g3 g6 3.Bg2 Bg7 4.O-O e5 5.d3 Ne7 6.e4 O-O 7.Nbd2 Nbc6 8.a3 a5
9.b3 d4 10.Bb2 h6 11.Qe2 Be6 12.c3 dxc3 13.Bxc3 Qd7 14.Nc4 Bg4 15.Qb2 Bxf3
16.Bxf3 Qxd3 17.Bg2 Nd4 18.Rfd1 Nec6 19.Rac1 Nf3+ 20.Bxf3 Qxf3 21.Nxe5 Nxe5  1/2-1/2

[Event "4NCL 2008-9"]
[Site "Hinckley Island ENG"]
[Date "2008.12.07"]
[Round "4"]
[White "McNab,C"]
[Black "Mah,K"]
[Result "1-0"]
[WhiteElo "2455"]
[BlackElo "2408"]

1.Nf3 d5 2.g3 Nf6 3.Bg2 c6 4.d3 Nbd7 5.O-O e6 6.b3 Bd6 7.Bb2 O-O 8.c4 Re8
9.Nc3 Nf8 10.e4 dxe4 11.Nxe4 Be7 12.Nxf6+ Bxf6 13.Bxf6 Qxf6 14.d4 Ng6 15.Re1 Rd8
16.Qe2 Bd7 17.Rad1 Be8 18.h4 Rac8 19.Bh3 Rc7 20.h5 Nf8 21.Ne5 h6 22.c5 Qg5
23.Bg4 f5 24.f4 Qe7 25.Bf3 Nh7 26.Nc4 Bf7 27.Nd6 Rxd6 28.cxd6 Qxd6 29.Qe5 Rd7
30.Qxd6 Rxd6 31.Kf2 Nf6 32.Rh1 Kf8 33.Ke3 Ng4+ 34.Bxg4 fxg4 35.Rc1 b6 36.Rh4 Be8
37.Rxg4 Bxh5 38.Rh4 Be8 39.Rh2 Rd5 40.g4 Ke7 41.Rg1 a5 42.Rb2 Kd6 43.Rf2 Bg6
44.Rgf1 Bh7 45.f5 exf5 46.gxf5 c5 47.Rf4 Kc7 48.dxc5 Rxc5 49.Rc4 Rxc4 50.bxc4 Kd6
51.Kd4 a4 52.f6  1-0